000 00343nam a2200133Ia 4500
008 200103s9999||||xx |||||||||||||| ||und||
040 _aIMU-MPC
082 _aColumn-31
100 _aGreenwood, Douglas C.
245 0 _aMechanical Details for Product Design
260 _bMcGraw-Hill Book Company, Inc.
_c1964
300 _ax, 341
942 _cBK
999 _c7445
_d7445